000 01767cad a22002895a 4500
001 L159600
008 131031s2017 xxk f f 001 0 eng d
020 _a9781783212040
035 _a(Sirsi) u159600
041 0 _aeng
050 0 4 _a333.332 $2 18
110 2 _aRoyal Institution of Chartered Surveyors
_94900
240 0 0 _aRed Book
245 0 0 _aRICS valuation - professional standards Hong Kong
_h[electronic resource]
260 _aLondon
_bRICS
_c2017
300 _a6p.
490 0 _aRICS Guidance Note
490 0 _aRICS Valuation Standards
490 _aRICS Red Book
505 2 _aAcknowledgments -- RICS professional standards and guidance -- Introduction -- Departures -- Effective date -- Compliance with RICS Red Book and Hong Kong legal requirements -- General -- PS 1 Compliance with standards where a written valuation is provided -- PS 2 Ethics, competency, objectivity and disclosures -- VPS 1 Minimum terms of engagement -- VPS 4 Bases of value, assumptions and special assumptions -- VPGA 1 Valuation for inclusion in financial statements -- VPGA 2 Valuation for secured lending -- VPS 2 Inspections, investigations and records -- VPS 3 Valuation reports -- Practice area standards and guidance
520 _aProvides assistance on the application of the RICS Valuation ? Global Standards 2017 (the Red Book) to valuations that have to be provided in compliance with the jurisdiction requirements in Hong Kong. Effective from 1 February 2018.
650 2 4 _aRICS VALUATION STANDARDS
651 4 _aHong Kong
690 _aValuation
_96273
856 4 0 _uhttps://www.rics.org/content/dam/ricsglobal/documents/standards/application_of_the_rics_valuation_professional_standards_in_hong_kong.pdf
_zView on RICS.org
942 _n0
_2ddc
999 _c116037
_d116037